[Event "45th FIDE Chess Olympiad Open"]
[Site "Budapest, Hungary"]
[Date "2024.09.12"]
[Round "2"]
[White "Movahed, Sina"]
[Black "Barria Santos, Jose Guilherme"]
[Result "1-0"]
[WhiteElo "2528"]
[BlackElo "2411"]
[PlyCount "97"]
[EventDate "2024.??.??"]
[WhiteTeam "Iran"]
[BlackTeam "Portugal"]
[WhiteTeamCountry "IRI"]
[BlackTeamCountry "POR"]
[WhiteClock "0:19:32"]
[BlackClock "0:04:41"]

1. e4 e5 2. Nf3 Nc6 3. Bb5 a6 4. Ba4 Nf6 5. O-O Be7 6. d3 b5 7. Bb3 d6 8. Bd2 O-O 9. h3 Bd7 ({RR} 9... h6 10. Re1 Re8 11. a3 Bf8 12. Nc3 Rb8 13. Ba2 Ne7 14. Nh4 g5 15. Nf3 Ng6 16. Nh2 c6 17. Ne2 d5 18. Ng3 dxe4 19. dxe4 Rb7 20. Qf3 Nf4 21. Rad1 Rd7 22. Be3 Rxd1 23. Rxd1 Qe7 24. Ng4 {1-0 Carlsen,M (2872)-Vitiugov,N (2747) Tata Steel-A 82nd 2020 (8)}) 10. Re1 ({RR} 10. a3 h6 11. Nc3 Re8 12. Nd5 Bf8 13. c4 Nxd5 14. cxd5 Ne7 15. Rc1 a5 16. d4 Ng6 17. Re1 Qb8 18. Be3 Ra6 19. Qd3 a4 20. Ba2 c5 21. dxc6 Bxc6 22. Rc3 exd4 23. Bxd4 Qb7 24. Qc2 Re7 {1-0 Mendonca,L (2640)-Balajayeva,K (2376) 24th Dubai Open A 2024 (4.14)}) 10... h6 11. c4 $146 ({RR} 11. c3 Na5 12. Bc2 c5 13. d4 Nc4 14. Bc1 cxd4 15. cxd4 Qc7 16. d5 Rfc8 17. Bd3 Kh7 18. Nbd2 g6 19. b3 Nb6 20. Bb2 Nh5 21. Rc1 Qb7 22. Rxc8 Rxc8 23. Qb1 Nf4 24. Bf1 Bf6 25. Rc1 Rf8 {0-1 Ronka,E (2273)-Kim,Y (2304) Titled Tue 1st Aug Early 2023 (3)}) 11... b4 12. a3 a5 13. Be3 Re8 14. Nbd2 Bf8 15. Rc1 Be6 16. Kh2 Nb8 17. d4 exd4 18. Nxd4 Bd7 19. Bc2 c5 20. Ne2 Bc6 21. Ng3 Nbd7 22. f4 g6 23. Bf2 h5 24. Ngf1 Bh6 25. Qf3 Nh7 26. Rb1 Qf6 27. g3 bxa3 28. bxa3 Rab8 29. Ne3 Qc3 30. Qd1 h4 31. Ng4 hxg3+ 32. Bxg3 Bg7 33. Rxb8 Rxb8 34. Re3 Qa1 35. Rd3 Qxd1 36. Bxd1 Bf8 37. Bf3 Rb2 38. Kg1 Ndf6 39. Ne3 Ra2 40. Kf1 Rb2 41. h4 Nh5 42. Bxh5 gxh5 43. Nd5 Kg7 44. e5 dxe5 45. fxe5 Kg6 46. Ne4 Kf5 47. Nd6+ Bxd6 48. exd6 Ke6 49. Re3+ 1-0

[Event "45th FIDE Chess Olympiad Open"]
[Site "Budapest, Hungary"]
[Date "2024.09.12"]
[Round "2"]
[White "Duda, Jan-Krzysztof"]
[Black "Kantor, Gergely"]
[Result "1-0"]
[WhiteElo "2732"]
[BlackElo "2537"]
[PlyCount "123"]
[EventDate "2024.??.??"]
[WhiteTeam "Poland"]
[BlackTeam "Hungary C"]
[WhiteTeamCountry "POL"]
[WhiteClock "0:10:16"]
[BlackClock "0:02:10"]

1. c4 e5 2. g3 Nf6 3. Bg2 d5 4. cxd5 Nxd5 5. Nc3 Nb6 6. a3 a5 ({RR} 6... Nc6 7. b4 Be6 8. b5 Nd4 9. Rb1 Nd5 10. e3 Nxc3 11. dxc3 Nb3 12. Bb2 Na5 13. Qa4 Nc4 14. Bxb7 Qd2+ 15. Kf1 Qd3+ 16. Kg2 Qxb1 17. Bxa8 Nxe3+ 18. fxe3 Qxb2+ 19. Kf3 Bc5 20. Bc6+ Ke7 21. Ne2 {0-1 Aleksandrov,A (2580)-Korobov,A (2667) Minsk Kupreichik Memorial op rapid 2018 (10)}) ({RR} 6... Be7 7. e3 h5 8. h3 Nc6 9. Nge2 Bf5 10. d4 exd4 11. Nxd4 Nxd4 12. exd4 c6 13. O-O Qd7 14. Re1 Bxh3 15. Bxh3 Qxh3 16. d5 Kf8 17. d6 Bf6 18. Ne4 Nd5 19. a4 h4 20. g4 Be5 21. f4 {0-1 Kozak,A (2442)-Tomczak,J (2598) chess.com Speed Poland 2024 (1.2)}) 7. d3 Nc6 8. Be3 $146 ({RR} 8. Bxc6+ bxc6 9. Nf3 Bd6 10. O-O O-O 11. Ne4 Qe7 12. Qc2 c5 13. Bg5 f6 14. Be3 Nd7 15. Rac1 Rb8 16. Rfe1 Rf7 17. h4 h6 18. h5 f5 19. Nxc5 f4 20. Nxd7 Bxd7 21. Ba7 Rb7 22. Bc5 fxg3 {1-0 Polishchuk,O (2337)-Arakelian,K (2096) Stryi Zadorezki Memorial 2011 (3)}) 8... Bd6 9. Nf3 O-O 10. Rc1 Bg4 11. h3 Bh5 12. Nh4 Re8 13. Nf5 Bf8 14. Bxb6 cxb6 15. g4 Bg6 16. Be4 Nd4 17. e3 Ne6 18. Bxb7 Nc5 19. Be4 Rc8 20. h4 b5 21. Ke2 b4 22. axb4 axb4 23. Nd5 f6 24. Qg1 Bf7 25. Qg2 Nb3 26. Rxc8 Qxc8 27. Nh6+ gxh6 28. Nxf6+ Kh8 29. Nxe8 Bxe8 30. Kf3 h5 31. g5 Nd2+ 32. Kg3 Qg4+ 33. Kh2 Nxe4 34. Qxe4 Qxe4 35. dxe4 Bg6 36. f3 Bc5 37. Re1 b3 38. Kg2 Kg7 39. Rc1 Bb4 40. Kf2 Bf7 41. Rc7 Bd6 42. Rd7 Bc5 43. Ke2 Kg8 44. Rc7 Bb4 45. f4 Bd6 46. Rc6 Bb4 47. fxe5 Kf8 48. e6 Bg6 49. Rb6 Bc5 50. Rb5 Bd6 51. Kf3 Bh2 52. e5 Be8 53. Rc5 Bg1 54. Rc3 Bh2 55. Ke4 Bg3 56. Kf5 Be1 57. Rxb3 Ba5 58. Rb8 Bc7 59. Rc8 Ba5 60. Kf6 Bb4 61. Rc7 Kg8 62. e7 1-0

[Event "45th FIDE Chess Olympiad Open"]
[Site "Budapest, Hungary"]
[Date "2024.09.12"]
[Round "2"]
[White "Krstulovic, Alex"]
[Black "Piorun, Kacper"]
[Result "1/2-1/2"]
[WhiteElo "2452"]
[BlackElo "2599"]
[PlyCount "89"]
[EventDate "2024.??.??"]
[WhiteTeam "Hungary C"]
[BlackTeam "Poland"]
[BlackTeamCountry "POL"]
[WhiteClock "0:24:48"]
[BlackClock "0:50:35"]

1. d4 e6 2. Bf4 Nf6 3. Nf3 b6 4. e3 Bb7 5. c4 Bb4+ 6. Nfd2 c5 ({RR} 6... d6 7. a3 Bxd2+ 8. Nxd2 Nbd7 9. Bg3 Qe7 10. f3 e5 11. d5 e4 12. f4 Ng8 13. Qc2 f5 14. Nb3 Nh6 15. Nd4 O-O 16. Be2 Rfc8 17. b4 Nb8 18. Qd2 c5 19. dxc6 Bxc6 20. O-O Ba4 21. Rfc1 {1-0 Lupulescu,C (2620)-Jobava,B (2705) EU-chT (Men) 21st 2017 (4.1)}) ({RR} 6... Ne4 7. a3 Bxd2+ 8. Nxd2 Nxd2 9. Qxd2 O-O 10. Bd3 d6 11. O-O f5 12. Bg3 Nd7 13. f3 Qe7 14. b4 e5 15. d5 g6 16. e4 f4 17. Bf2 g5 18. Rac1 Nf6 19. c5 h5 20. Rc2 Rf7 21. Rfc1 {1-0 Livaic,L (2557)-Kovalenko,I (2674) Titled Tue 16th Jan Early 2024 (6)}) ({RR} 6... d6 7. Be2 Nbd7 8. O-O Bxd2 9. Nxd2 Qe7 10. Bg3 a5 11. Bf3 Bxf3 12. Qxf3 O-O 13. Nb1 Rfc8 14. Nc3 c6 15. Rac1 h6 16. Rfd1 a4 17. b3 axb3 18. axb3 d5 19. e4 dxe4 20. Nxe4 Nxe4 21. Qxe4 {½-½ Krstulovic,A (2375)-Pacher,M (2435) Budapest Vezerkepzo GM 3rd 2021 (4)}) 7. a3 Bxd2+ 8. Nxd2 cxd4 9. Bd6 $146 ({RR} 9. exd4 d6 10. Be2 Nc6 11. Nf3 O-O 12. O-O Rc8 13. b4 Ne4 14. Qd3 Ne7 15. Ng5 Nxg5 16. Bxg5 Ba6 17. b5 Bb7 18. Rfc1 h6 19. Bd2 Rc7 20. Bb4 a5 21. Bd2 Qd7 22. a4 f5 23. Ra3 e5 {1-0 Jonsson,K (2072)-Lindberg,H (2246) SWE-chT2 1112 2011 (1)}) 9... dxe3 10. fxe3 h5 11. Be2 Ng4 12. Bxg4 Qh4+ 13. g3 Qxg4 14. Qxg4 hxg4 15. O-O f5 16. e4 g6 17. Rae1 Kf7 18. b4 Na6 19. c5 b5 20. Nb3 Nb8 21. Na5 Bc6 22. Rf4 Na6 23. Ref1 Ke8 24. exf5 gxf5 25. Rd4 Rc8 26. Re1 Kf7 27. Be5 Rhd8 28. Red1 Bd5 29. Rxd5 exd5 30. Nb7 Rg8 31. Nd6+ Ke6 32. Bd4 Ke7 33. Nxf5+ Kf7 34. Nd6+ Kg6 35. Nxc8 Rxc8 36. Rf1 Nb8 37. Rf6+ Kg5 38. Rd6 Kf5 39. Rxd5+ Ke4 40. Rd6 Rc6 41. Bf2 Rxd6 42. cxd6 Nc6 43. Kg2 a5 44. bxa5 Nxa5 45. Be1 1/2-1/2

[Event "45th FIDE Chess Olympiad Open"]
[Site "Budapest, Hungary"]
[Date "2024.09.12"]
[Round "2"]
[White "Bartel, Mateusz"]
[Black "Juhasz, Agoston"]
[Result "1-0"]
[WhiteElo "2618"]
[BlackElo "2427"]
[PlyCount "63"]
[EventDate "2024.??.??"]
[WhiteTeam "Poland"]
[BlackTeam "Hungary C"]
[WhiteTeamCountry "POL"]
[WhiteClock "0:30:30"]
[BlackClock "0:00:31"]

1. c4 e5 2. Nc3 Bb4 3. Nd5 Bc5 4. e3 Nf6 5. b4 Nxd5 6. bxc5 Nf6 7. Nf3 ({RR} 7. d4 exd4 8. exd4 O-O 9. Bd3 b6 10. cxb6 axb6 11. Ne2 d5 12. O-O Ba6 13. cxd5 Nxd5 14. Bb2 Nc6 15. Bxa6 Rxa6 16. a3 Qd7 17. Qd3 Rfa8 18. Rac1 Nce7 19. Rc2 Qf5 20. Qxf5 Nxf5 21. Rfc1 Ra5 {0-1 Zhou,Y (1835)-Lu,M (2439) ch-CHN Women 2024 (10.5)}) ({RR} 7. d4 exd4 8. exd4 O-O 9. Bd3 b6 10. Ne2 bxc5 11. dxc5 Nc6 12. O-O Re8 13. Nc3 Ne5 14. Bg5 Bb7 15. Bxh7+ Kxh7 16. Qb1+ Kg8 17. Qxb7 Rb8 18. Qxa7 Nc6 19. Qa3 Re5 20. h4 Nd4 21. Rad1 Ne6 {1-0 Bartel,M (2611)-Juksta,K (2438) EU-ch 21st Reykjavik 2021 (10)}) 7... e4 8. Nd4 Nc6 $146 ({RR} 8... O-O 9. Be2 Nc6 10. O-O d5 11. Nxc6 bxc6 12. Bb2 Be6 13. cxd5 cxd5 14. Bd4 c6 15. Qa4 Rc8 16. Qxa7 Nd7 17. Qa3 Qg5 18. f4 Qg6 19. Qc3 Ra8 20. a4 Rfb8 21. a5 Nf8 22. Rfb1 h5 23. a6 {1-0 Srihari,L (2444)-Nurgaliyeva,Z (2051) Titled Tue 19th Sep Early 2023 (6)}) ({RR} 8... O-O 9. a4 b6 10. Ba3 bxc5 11. Bxc5 d6 12. Ba3 c5 13. Nb5 Bg4 14. f3 exf3 15. gxf3 Ne4 16. h4 Bh5 17. Be2 Ng3 18. Rh3 Nxe2 19. Qxe2 Nc6 20. Kf2 Rb8 21. Rg1 a6 22. Nc3 Rb3 23. Bc1 {½-½ Caruana,F (2782)-Carlsen,M (2835) Julius Baer Rapid Div 1 W 2023 (2.4)}) 9. Bb2 O-O 10. Be2 b6 11. O-O bxc5 12. Nxc6 dxc6 13. f4 exf3 14. Rxf3 Ne4 15. d3 Ng5 16. Rg3 f6 17. Qf1 Rb8 18. Bc3 Qd6 19. Qf2 Kh8 20. Rf1 Bd7 21. Qe1 h6 22. Qf2 Rbe8 23. h4 Nh7 24. e4 Rb8 25. Bh5 Be8 26. Bg4 Rf7 27. Bf5 Nf8 28. Qe3 Nd7 29. Bxd7 Bxd7 30. e5 Qe6 31. Rg6 Kg8 32. Qxh6 1-0

[Event "45th FIDE Chess Olympiad Open"]
[Site "Budapest, Hungary"]
[Date "2024.09.12"]
[Round "2"]
[White "Karacsonyi, Gellert"]
[Black "Gumularz, Szymon"]
[Result "1/2-1/2"]
[WhiteElo "2403"]
[BlackElo "2571"]
[PlyCount "51"]
[EventDate "2024.??.??"]
[WhiteTeam "Hungary C"]
[BlackTeam "Poland"]
[BlackTeamCountry "POL"]
[WhiteClock "0:16:36"]
[BlackClock "0:10:04"]

1. e4 c6 2. Nf3 d5 3. d3 g6 4. e5 c5 5. Bf4 ({RR} 5. d4 Nc6 6. dxc5 Bg4 7. Nbd2 e6 8. h3 Bxf3 9. Nxf3 Bxc5 10. Bd3 Qc7 11. Qe2 Nd4 12. Nxd4 Bxd4 13. f4 Ne7 14. Bb5+ Kf8 15. c3 Bxc3+ 16. bxc3 Qxc3+ 17. Qd2 Qxa1 18. O-O Rc8 19. f5 Rxc1 {½-½ Harikrishna,P (2705)-Carlsen,M (2864) Chessable Masters Prelim rapid 2022 (7)}) 5... Nc6 ({RR} 5... Bg4 6. h3 Bxf3 7. Qxf3 e6 8. d4 cxd4 9. Bb5+ Nc6 10. O-O Qb6 11. c4 dxc3 12. Nxc3 Bg7 13. Bg5 Nge7 14. Bf6 O-O 15. Bxg7 Kxg7 16. Qf6+ Kg8 17. h4 Nf5 18. Bxc6 bxc6 19. g4 Nd4 20. h5 {1-0 Droin,A (2480)-Margvelashvili,G (2531) Titled Tue 4th Jun Late 2024 (2)}) 6. Qd2 $146 ({RR} 6. g3 Qb6 7. Nbd2 Bh6 8. Bxh6 Nxh6 9. Bg2 Qxb2 10. O-O Nxe5 11. Rb1 Nxf3+ 12. Bxf3 Qxa2 13. Nb3 O-O 14. Bxd5 Qa6 15. Nxc5 Qd6 16. Bxb7 Bxb7 17. Nxb7 Qc7 18. d4 Nf5 19. Qd3 Rab8 20. Nc5 Rxb1 {1-0 Kovalev,V (2582)-Mortazavi,A (2333) Titled Tue 5th Sep Late 2023 (6)}) 6... Bg4 7. Nh4 e6 8. g3 Be7 9. h3 Bh5 10. g4 Bxh4 11. gxh5 g5 12. Bh2 f6 13. exf6 Nxf6 14. Be2 Rf8 15. O-O Qd7 16. Qe3 O-O-O 17. Qxc5 e5 18. Nc3 Qxh3 19. Nb5 Ng4 20. Nxa7+ Kc7 21. Bxg4 Qxg4+ 22. Kh1 Qf3+ 23. Kg1 Qg4+ 24. Kh1 Qf3+ 25. Kg1 Qg4+ 26. Kh1 1/2-1/2

[Event "45th FIDE Chess Olympiad Open"]
[Site "Budapest, Hungary"]
[Date "2024.09.12"]
[Round "2"]
[White "Keinanen, Toivo"]
[Black "Suleymanli, Aydin"]
[Result "1/2-1/2"]
[WhiteElo "2554"]
[BlackElo "2632"]
[PlyCount "60"]
[EventDate "2024.??.??"]
[WhiteTeam "Finland"]
[BlackTeam "Azerbaijan"]
[WhiteTeamCountry "FIN"]
[BlackTeamCountry "AZE"]
[WhiteClock "1:23:04"]
[BlackClock "1:29:41"]

1. d4 Nf6 2. c4 e6 3. g3 d5 4. Bg2 Be7 5. Nf3 O-O 6. O-O dxc4 7. Ne5 Nc6 8. Bxc6 bxc6 9. Nxc6 Qe8 10. Nxe7+ Qxe7 11. Qa4 e5 12. dxe5 Qxe5 13. Nc3 Ne4 14. Qxc4 Nxc3 15. bxc3 Be6 16. Bf4 Bxc4 17. Bxe5 c6 ({RR} 17... Rfe8 18. Bxc7 Rxe2 19. a4 Rc8 20. Bf4 Rc2 21. Rfc1 Rxc1+ 22. Rxc1 a5 23. Rb1 f6 24. Rb8 Rxb8 25. Bxb8 Bb3 26. Bc7 Bxa4 27. Bxa5 Kf7 28. f3 Ke6 29. Kf2 Kd5 30. Bb6 g6 31. Bd4 f5 32. Bh8 {½-½ So,W (2776)-Aronian,L (2765) Sinquefield Cup 7th 2019 (11)}) 18. Rfe1 Rfe8 19. Bd4 Bxe2 20. Be3 $146 ({RR} 20. a3 a6 {½-½ Valls Casas,J (2088)-Tscharotschkin,M (2179) Calvia Amateur op 7th 2010 (2)}) ({RR} 20. Kg2 a6 21. a4 Re6 22. f3 Rae8 23. Kf2 Bd3 24. Rxe6 Rxe6 25. Ra2 f6 26. g4 g5 27. Rb2 Kf7 28. Kg3 Kg6 29. h4 h5 30. hxg5 fxg5 31. gxh5+ Kxh5 32. Rb8 Be2 33. Rh8+ Kg6 34. Rg8+ Kf5 {½-½ Mecking,H (2576)-Cadilhac,I (2291) American Continental 15th 2019 (9)}) ({RR} 20. a4 a5 21. Kg2 h5 22. f3 Bc4 23. g4 hxg4 24. fxg4 Rxe1 25. Rxe1 Bb3 26. Bb6 Bxa4 27. Ra1 Bb3 28. Rxa5 Rxa5 {½-½ Meier,G (2628)-Giri,A (2782) Dortmund 46th 2018 (2)}) 20... Bf3 21. Bxa7 Rxe1+ 22. Rxe1 f6 23. Re7 Rd8 24. Re1 Ra8 25. Re7 Rd8 26. Re1 Ra8 27. Re7 Rd8 28. Re1 Ra8 29. Re7 Rd8 30. Re1 Ra8 1/2-1/2

[Event "45th FIDE Chess Olympiad Open"]
[Site "Budapest, Hungary"]
[Date "2024.09.12"]
[Round "2"]
[White "Abasov, Nijat"]
[Black "Sipila, Vilka"]
[Result "1-0"]
[WhiteElo "2626"]
[BlackElo "2462"]
[PlyCount "87"]
[EventDate "2024.??.??"]
[WhiteTeam "Azerbaijan"]
[BlackTeam "Finland"]
[WhiteTeamCountry "AZE"]
[BlackTeamCountry "FIN"]
[WhiteClock "0:21:25"]
[BlackClock "0:27:33"]

1. e4 c5 2. Nf3 d6 3. d4 cxd4 4. Nxd4 Nf6 5. Nc3 a6 6. Be3 e5 7. Nb3 Be6 8. h3 Be7 9. Qf3 O-O 10. O-O-O b5 11. g4 b4 12. Nd5 Nxd5 13. exd5 Bc8 14. Bd3 ({RR} 14. Kb1 a5 15. Nc5 dxc5 16. d6 Ra7 17. dxe7 Qxe7 18. Bc4 Rc7 19. Rhe1 Nd7 20. h4 Qxh4 21. Rh1 Qf6 22. Qh3 Qg6 23. Qh2 Bb7 24. Rd6 Nf6 25. Bd3 Be4 26. Bxe4 Qxe4 27. g5 Ng4 28. Qh4 Qf5 {0-1 Jain,K (2308)-Lyutsinger,I (2088) 57th Biel Master Open 2024 (4.36)}) 14... a5 15. Nd2 a4 ({RR} 15... Ba6 16. Bf5 a4 17. h4 b3 18. axb3 axb3 19. Nxb3 Nd7 20. g5 Nb6 21. Na5 Be2 22. Qxe2 Rxa5 23. b4 Ra3 24. Rh3 Na4 25. Kd2 Nc3 26. Qc4 Nxd1 27. Kxd1 g6 28. Bg4 h5 29. Bc1 Ra1 30. Be2 {0-1 Anand,V (2753)-Ding,L (2791) Legends of Chess Prelim rapid 2020 (8.3)}) 16. Ne4 $146 ({RR} 16. Qe4 f5 17. gxf5 Bxf5 18. Qxb4 Bxd3 19. cxd3 a3 20. b3 Na6 21. Qb6 Nc7 22. Qc6 Ra6 23. Qc4 Qa8 24. Kb1 Nxd5 25. Ne4 Rc8 26. Qb5 Rb8 27. Qd7 Bh4 28. Rhg1 g6 29. Rc1 Qb7 30. Qe6+ Kg7 {1-0 Pacheco Lugo,A (2127)-Leiva Rodriguez,J (2391) Titled Tuesday intern op 22nd June blitz 2021 (10)}) ({RR} 16. Kb1 Ba6 17. Ne4 Qc7 18. Qf5 g6 19. Qf3 b3 20. a3 Nd7 21. c3 Bxd3+ 22. Rxd3 f5 23. gxf5 Rxf5 24. Qg4 Nb6 25. h4 Qc4 26. Rhd1 Kh8 27. Bxb6 Rf4 28. Qe6 Qxe4 29. Qxe7 Rxh4 30. Be3 Rh1 {1-0 Sredojevic,I (2232)-Radovic,L (2328) SRB-chT Subotica 2019 (10.6)}) 16... b3 17. cxb3 axb3 18. a3 Qc7+ 19. Kb1 Ba6 20. Qe2 Qb7 21. Rc1 Qxd5 22. Rhd1 Qb7 23. Nc3 Rc8 24. Qd2 Bxd3+ 25. Qxd3 Bf8 26. Qd5 Qxd5 27. Nxd5 Nd7 28. Rd3 Rxc1+ 29. Kxc1 Rb8 30. Kd2 g6 31. Kc3 e4 32. Rd1 f5 33. gxf5 gxf5 34. Ba7 Rb7 35. Bd4 Kf7 36. a4 Nb8 37. a5 Ke6 38. Bb6 Kd7 39. Kxb3 Bg7 40. Ka3 Kc6 41. b4 Rf7 42. Ka4 f4 43. b5+ Kb7 44. Re1 1-0

[Event "45th FIDE Chess Olympiad Open"]
[Site "Budapest, Hungary"]
[Date "2024.09.12"]
[Round "2"]
[White "Agopov, Mikael"]
[Black "Mamedov, Rauf"]
[Result "0-1"]
[WhiteElo "2451"]
[BlackElo "2637"]
[PlyCount "64"]
[EventDate "2024.??.??"]
[WhiteTeam "Finland"]
[BlackTeam "Azerbaijan"]
[WhiteTeamCountry "FIN"]
[BlackTeamCountry "AZE"]
[WhiteClock "0:00:51"]
[BlackClock "0:04:53"]

1. e4 c5 2. Nf3 Nc6 3. d4 cxd4 4. Nxd4 Nf6 5. Nc3 d6 6. Bc4 Bd7 7. f3 Nxd4 8. Qxd4 g6 9. Be3 ({RR} 9. Bg5 Bg7 10. O-O-O Rc8 11. Bb3 Qa5 12. Nd5 Nh5 13. Qe3 f6 14. Bh6 Qc5 15. g4 g5 16. Bxg5 h6 17. Qxc5 dxc5 18. Be3 c4 19. gxh5 cxb3 20. axb3 b6 21. Rhg1 Bf8 22. Nf4 Bc6 23. Ne6 Bd7 {1-0 Ivanchuk,V (2708)-Jovanovic,Z (2551) CRO Cup Mali Losinj 2018 (3.11)}) 9... Bg7 10. O-O-O ({RR} 10. Qd2 O-O 11. h4 Qa5 12. Bb3 h5 13. O-O-O Rac8 14. Bd4 b5 15. Kb1 b4 16. Nd5 Nxd5 17. Bxg7 Kxg7 18. exd5 Qc5 19. Rhe1 Rfe8 20. Qd4+ Qxd4 21. Rxd4 a5 22. Bc4 Rc5 23. b3 a4 24. bxa4 Bxa4 {1-0 Petrosyan,M (2637)-Baches Garcia,G (2329) Titled Tuesday intern op 15th Feb Late blitz 2022 (1)}) 10... O-O 11. Qd2 Qc7 $146 ({RR} 11... Qa5 12. g4 Rfc8 13. Bb3 Be6 14. Bxe6 fxe6 15. Kb1 Rc4 16. Bd4 Nxe4 17. Nxe4 Qxd2 18. Rxd2 Rxd4 19. Rhd1 Rxd2 20. Rxd2 Rc8 21. c3 d5 22. Ng5 Bh6 23. f4 Bxg5 24. fxg5 Rc6 25. Rf2 Rc4 26. h3 {0-1 Blumberg,J-Squillante,D USA-chT Amateur East 2004 (1)}) 12. Bb3 a5 13. a4 b5 14. axb5 a4 15. b6 Qb8 16. Ba2 a3 17. e5 dxe5 18. Ne4 Bf5 19. Qb4 Bxe4 20. fxe4 Qb7 21. bxa3 e6 22. Rd3 Rfc8 23. Rhd1 Bf8 24. Qb2 Nxe4 25. Kb1 Nc5 26. Bxc5 Bxc5 27. Rb3 Ra6 28. Qxe5 Rxb6 29. a4 Bf8 30. Qg5 Qe4 31. Qd2 Rbc6 32. Rc1 Qxa4 0-1

[Event "45th FIDE Chess Olympiad Open"]
[Site "Budapest, Hungary"]
[Date "2024.09.12"]
[Round "2"]
[White "Muradli, Mahammad"]
[Black "Lahdelma, Henri"]
[Result "1-0"]
[WhiteElo "2576"]
[BlackElo "2331"]
[PlyCount "71"]
[EventDate "2024.??.??"]
[WhiteTeam "Azerbaijan"]
[BlackTeam "Finland"]
[WhiteTeamCountry "AZE"]
[BlackTeamCountry "FIN"]
[WhiteClock "0:01:22"]
[BlackClock "0:17:30"]

1. d4 Nf6 2. c4 e6 3. Nf3 d5 4. Nc3 dxc4 5. e4 Bb4 6. Bxc4 c5 7. O-O cxd4 8. Nxd4 O-O 9. e5 Nfd7 10. f4 $146 ({RR} 10. Bf4 Nb6 11. Bd3 Na6 12. Rc1 g6 13. Bxa6 Bxc3 14. bxc3 bxa6 15. c4 Bb7 16. c5 Nd5 17. Bh6 Re8 18. c6 Bc8 19. Qd2 Qc7 20. Nf3 Rb8 21. Bg5 Rb5 22. a4 Rb3 23. Rfe1 Qb6 24. Bf6 Rb2 {1-0 Jackson,J (2357)-Turner,M (2459) Wood Green Inv 2024 (6.1)}) ({RR} 10. Bf4 Qa5 11. Qe2 Re8 12. h4 Nf8 13. Rac1 Nbd7 14. h5 a6 15. Ne4 Qb6 16. Rfd1 Be7 17. Be3 Nxe5 18. Nxe6 Qa5 19. Nc7 Nxc4 20. Rxc4 Be6 21. Rcc1 Qxa2 22. Nxa8 Rxa8 23. Rc7 Re8 24. Rxb7 Bb3 {1-0 Obolentseva,A (2338)-Szpar,M (2213) Prague op 16th 2017 (7)}) 10... Nb6 11. Bb3 Bc5 12. Be3 Nc6 13. Nf5 Bxe3+ 14. Nxe3 Nd4 15. Qh5 Nxb3 16. axb3 Bd7 17. Rad1 Qe8 18. Qh4 Bc6 19. Ng4 Rd8 20. Rfe1 Rxd1 21. Rxd1 Nd7 22. b4 a6 23. Nf6+ gxf6 24. Rd3 Bxg2 25. Qh6 Kh8 26. Rxd7 Bh3 27. Qxf6+ Kg8 28. Qg5+ Kh8 29. Qf6+ Kg8 30. Rd3 Bf5 31. Rg3+ Bg6 32. f5 exf5 33. Nd5 h6 34. e6 Kh7 35. e7 f4 36. exf8=N+ 1-0

[Event "45th FIDE Chess Olympiad Open"]
[Site "Budapest, Hungary"]
[Date "2024.09.12"]
[Round "2"]
[White "Shirov, Alexei"]
[Black "Maksimovic, Bojan"]
[Result "1-0"]
[WhiteElo "2666"]
[BlackElo "2503"]
[PlyCount "70"]
[EventDate "2024.??.??"]
[WhiteTeam "Spain"]
[BlackTeam "Bosnia & Herzegovina"]
[WhiteTeamCountry "ESP"]
[BlackTeamCountry "BIH"]
[WhiteClock "0:01:05"]
[BlackClock "0:00:33"]

1. d4 Nf6 2. c4 g6 3. Nc3 Bg7 4. e4 d6 5. h3 Nbd7 6. Nf3 e5 7. d5 Nc5 8. Qc2 Nh5 ({RR} 8... a5 9. Be3 O-O 10. g4 Ne8 11. Rg1 Kh8 12. O-O-O f5 13. gxf5 gxf5 14. h4 Na6 15. a3 f4 16. Bd2 Nf6 17. Re1 Bd7 18. Rh1 Ng4 19. Re2 Nc5 20. Bh3 a4 21. Kb1 Nb3 22. Rg1 Nh2 23. Nxh2 {1-0 Radjabov,T (2729)-Morozevich,A (2741) Amber-rapid 16th 2007 (5)}) 9. b4 ({RR} 9. Be3 O-O 10. b4 Nd7 11. a3 a5 12. Rb1 axb4 13. axb4 f5 14. Bd3 fxe4 15. Nxe4 Nf4 16. Bxf4 exf4 17. Ned2 Re8+ 18. Kf1 Nb6 19. Kg1 Bd7 20. Kh2 Ra3 21. Ne4 Bf5 22. Rhe1 Nd7 23. Rb3 Rxb3 {½-½ Lobanov,S (2507)-Henriquez Villagra,C (2589) Chess.com Play-In Match Div 3 2024 (1.4)}) 9... Nd7 10. c5 O-O 11. c6 $146 ({RR} 11. cxd6 cxd6 12. Nb5 Ndf6 13. Be3 Nxe4 14. Qxe4 a6 15. Nc3 f5 16. Qc2 f4 17. Bc1 e4 18. Ng1 Bf5 19. Qb3 e3 20. Nge2 Qh4 21. Bb2 Qxf2+ 22. Kd1 Ng3 23. Rg1 Rac8 24. Rc1 Bd3 25. Rc2 Nxe2 {0-1 Mitev,V (2226)-Georgakopoulos,N (2355) Kavala op 30th 2021 (9)}) 11... bxc6 12. dxc6 Nb6 13. a4 a5 14. bxa5 Rxa5 15. Bg5 Bf6 16. Be3 d5 17. Bxb6 cxb6 18. Bb5 Nf4 19. g3 dxe4 20. Nxe4 Nxh3 21. Rd1 Qe7 22. Kf1 Ng5 23. Nfxg5 Bxg5 24. Kg2 Bf5 25. Qe2 Ra7 26. Rhe1 h5 27. Nxg5 Qxg5 28. Qxe5 h4 29. c7 hxg3 30. fxg3 Raa8 31. Rd4 Qh6 32. Rh1 Qg7 33. Qd6 Rac8 34. Rdh4 Qb2+ 35. Kf3 Qc3+ 1-0

[Event "45th FIDE Chess Olympiad Open"]
[Site "Budapest, Hungary"]
[Date "2024.09.12"]
[Round "2"]
[White "Burovic, Rijad"]
[Black "Anton Guijarro, David"]
[Result "0-1"]
[WhiteElo "2426"]
[BlackElo "2665"]
[PlyCount "70"]
[EventDate "2024.??.??"]
[WhiteTeam "Bosnia & Herzegovina"]
[BlackTeam "Spain"]
[WhiteTeamCountry "BIH"]
[BlackTeamCountry "ESP"]
[WhiteClock "0:00:32"]
[BlackClock "0:02:59"]

1. e4 c6 2. d4 d5 3. e5 Bf5 4. h4 h6 5. g4 Be4 6. f3 Bh7 7. Bd3 Bxd3 8. Qxd3 e6 9. h5 ({RR} 9. c3 h5 10. Be3 hxg4 11. h5 g3 12. Nd2 Ne7 13. Bg5 Qb6 14. Bxe7 Bxe7 15. f4 g2 16. Rh2 c5 17. Rxg2 cxd4 18. cxd4 Nc6 19. Ngf3 Kf8 20. Kf2 Nb4 21. Qc3 Rxh5 22. f5 exf5 23. Rag1 g6 {0-1 Bacrot,E (2677)-Anton Guijarro,D (2669) Titled Tue 9th Jul Late 2024 (4)}) 9... c5 10. c3 Nc6 ({RR} 10... Qb6 11. Ne2 Nc6 12. a3 cxd4 13. cxd4 Rc8 14. Nbc3 Na5 15. Rb1 Ne7 16. Be3 Nec6 17. Na4 Qb3 18. Nac3 Nc4 19. Bc1 Be7 20. O-O Qb6 21. b4 N6xe5 22. Qd1 Nc6 23. Na4 Qc7 24. f4 O-O 25. Rb3 {0-1 Krzywda,A (2208)-Soto Hernandez,H (2481) Titled Tue 20th Aug Early 2024 (2)}) 11. Ne2 Nge7 $146 ({RR} 11... Rc8 12. a3 Qa5 13. Kf2 Qa6 14. Qd1 Nge7 15. Be3 cxd4 16. cxd4 Nb4 17. Qd2 Rc2 18. axb4 Rxd2 19. Rxa6 Rxe2+ 20. Kxe2 bxa6 21. Na3 Nc6 22. Nc2 Bxb4 23. Nxb4 Nxb4 24. Ra1 Kd7 25. Bd2 Nc6 26. Ke3 {½-½ Dudin,G (2537)-Subelj,J (2492) 60th World Juniors 2023 (5.4)}) ({RR} 11... Qb6 12. a3 c4 13. Qc2 O-O-O 14. f4 f6 15. Nd2 Nge7 16. Nf3 Qc7 17. Nh4 Qd7 18. Be3 Qe8 19. Kf2 Rg8 20. Qh7 fxe5 21. dxe5 g5 22. Nf3 Bg7 23. fxg5 hxg5 24. Bd4 Qd7 25. Kg2 Qc7 26. Rae1 {0-1 Keleberda,T (2141)-Baidetsky,V (2443) Schwarzacher op 35th 2022 (2)}) ({RR} 11... Qb6 12. f4 Rc8 13. dxc5 Bxc5 14. Nd2 a5 15. Nb3 Bf2+ 16. Kf1 Qa7 17. Kg2 Nge7 18. Bd2 a4 19. Nbd4 Bxd4 20. cxd4 Qa6 21. Qxa6 bxa6 22. Rh3 Na7 23. Rc3 Kd7 24. Rac1 Nb5 25. Rxc8 Nxc8 26. Nc3 {0-1 Prusikin,M (2526)-Neuman,P (2440) BL2-Ost 1718 2017 (3.3)}) 12. f4 f5 13. exf6 gxf6 14. dxc5 Rg8 15. Rg1 Qd7 16. Na3 e5 17. Nb5 O-O-O 18. Nd6+ Kb8 19. f5 Nc8 20. Qxd5 Bxd6 21. cxd6 Qg7 22. Bd2 Nxd6 23. O-O-O Nxf5 24. Qc5 Nd6 25. Be3 Ne4 26. Qc4 Qh7 27. Rxd8+ Rxd8 28. Ng3 Nxg3 29. Rxg3 f5 30. gxf5 Qxf5 31. Qe2 Nd4 32. Qg2 Nc2 33. Rg8 Nxe3 34. Rxd8+ Kc7 35. Qd2 Qf1+ 0-1